000 00727 a2200241 4500
003 OSt
005 20180116192329.0
008 120420t xxu||||| |||| 00| 0 eng d
010 _a 85043060
020 _a0847806715 (pbk.)
020 _a0471347337
040 _c0
082 0 0 _a729.326
100 1 _aChitham, Robert.
_9930
245 1 4 _aThe classical orders of architecture /
_cRobert Chitham.
260 _aNew York :
_bRizzoli,
_c1985.
300 _a160 p. :
_bill. ;
_c30 cm.
650 0 _aArchitecture
_xOrders.
_9931
650 0 _aArchitecture, Classical
_9932
650 0 _aArchitecture, Ancient
_9933
942 _aSADA
_cBK
_k729.326 CHI 1985
_2ddc
999 _c352283
_d352283